000 01044nam a2200289 i 4500
001 bg
100 1 _aKRUCZININ, Anatoli M.
245 0 0 _aUrządzenia elektrotechnologiczne z nagrzewaniem łukowym i plazmowym.
_nCz. 1,
_pTeoria nagrzewania łukowego i plazmowego /
_cAnatoli M. Kruczinin, Antoni Sawicki.
260 _aCzęstochowa :
_bWydaw. PC,
_c1997.
300 _a200 s. :
_brys., wykr. ;
_c24 cm.
490 1 _aSkrypty Politechniki Częstochowskiej,
_x1234-9909 ;
_vnr 17
504 _aBibliogr. s. 135-136.
650 9 _aElektrotechnika
_xstosowanie
_xprzemysł
650 9 _aElektrotechnika
_xurządzenia
650 9 _aTechnologia
_xmetody
650 9 _aŁuk elektryczny
_xurządzenia
_xstosowanie
655 _aPodręczniki akademickie
700 1 _aSAWICKI, Antoni
830 _aSkrypty Politechniki Częstochowskiej,
_x1234-9909 ;
020 _a8385031758
040 _cBPK
041 0 _apl
080 _a621.791/.795:621.3](075.8)
920 _a83-85031-75-8
942 _cKS
008 s pl f |000 0 pol
999 _c31539
_d31539
856 _uhttp://koha.tu.koszalin.pl/cgi-bin/koha/opac-detail.pl?biblionumber=31539
_yKatalog online BPK